Vanished boyhood / (Record no. 289)

000 -LEADER
fixed length control field 01137cam a22003377a 4500
003 - CONTROL NUMBER IDENTIFIER
control field OSt
005 - DATE AND TIME OF LATEST TRANSACTION
control field 20210610123359.0
008 - FIXED-LENGTH DATA ELEMENTS--GENERAL INFORMATION
fixed length control field 131211s2013 oncab 001 0 eng
020 ## - INTERNATIONAL STANDARD BOOK NUMBER
International Standard Book Number 9781897470343 (pbk.)
040 ## - CATALOGING SOURCE
Transcribing agency NLC
042 ## - AUTHENTICATION CODE
Authentication code lccopycat
043 ## - GEOGRAPHIC AREA CODE
Geographic area code e-hu---
-- n-cn---
050 00 - LIBRARY OF CONGRESS CALL NUMBER
Classification number DS135.H93
Item number S739 2013
100 1# - MAIN ENTRY--PERSONAL NAME
Personal name Stern, George,
Dates associated with a name 1931-
245 10 - TITLE STATEMENT
Title Vanished boyhood /
Statement of responsibility, etc. George Stern.
260 ## - PUBLICATION, DISTRIBUTION, ETC.
Place of publication, distribution, etc. Toronto :
Name of publisher, distributor, etc. Azrieli Foundation,
Date of publication, distribution, etc. 2013.
300 ## - PHYSICAL DESCRIPTION
Extent xxvi, 141 p. :
Other physical details ill., map ;
Dimensions 23 cm.
500 ## - GENERAL NOTE
General note Includes index.
650 #0 - SUBJECT ADDED ENTRY--TOPICAL TERM
Topical term or geographic name entry element Jews
Geographic subdivision Hungary
Form subdivision Biography.
650 #0 - SUBJECT ADDED ENTRY--TOPICAL TERM
Topical term or geographic name entry element Holocaust, Jewish (1939-1945)
Geographic subdivision Hungary
Form subdivision Personal narratives.
650 #0 - SUBJECT ADDED ENTRY--TOPICAL TERM
Topical term or geographic name entry element Holocaust survivors
Geographic subdivision Canada
Form subdivision Biography.
906 ## - LOCAL DATA ELEMENT F, LDF (RLIN)
a 7
b cbc
c copycat
d 3
e ncip
f 20
g y-gencatlg
942 ## - ADDED ENTRY ELEMENTS (KOHA)
Source of classification or shelving scheme
Koha item type Book
Suppress in OPAC SO
Holdings
Withdrawn status Lost status Source of classification or shelving scheme Damaged status Not for loan Permanent Location Current Location Shelving location Date acquired Total Checkouts Full call number Barcode Date last seen Price effective from Koha item type Public note
          AU LIBRARY AU LIBRARY Open Shelf 10.06.2021   DS135.H93 S739 2013 28002637 10.06.2021 10.06.2021 Book SO

Powered by Koha